| 000 | 00857nam a2200265Ia 4500 | ||
|---|---|---|---|
| 003 | OSt | ||
| 005 | 20220926010444.0 | ||
| 006 | a|||||r|||| 00| 0 | ||
| 007 | ta | ||
| 008 | 220923b |||||||| |||| 00| 0 eng d | ||
| 020 |
_a9788126528141 _c424.14999999999998 |
||
| 037 |
_bRKBA\09-10\4658, 15/06/2012, RAJKIRAN BOOK AGENCY _cGeneral Book |
||
| 040 |
_aRTL _cRTL _beng |
||
| 041 |
_2eng _aeng |
||
| 082 | _aX65:8, M1;Q0/TD | ||
| 100 |
_aELTON Edwin J _9266806 |
||
| 245 | 0 | _aModern portfolio theory and investment analysis | |
| 250 | _a8th | ||
| 260 |
_a New Delhi _bWiley India _c2010 |
||
| 300 |
_axviii,727p _ccm. |
||
| 500 | _aBibliography chapterwise | ||
| 650 | _aEconomics | ||
| 942 |
_hX65:8, M1;Q0/TD _cGB _2CC |
||
| 999 |
_c617277 _d617277 |
||